| 000 | 00622nam a2200241Ia 4500 | ||
|---|---|---|---|
| 001 | 17753 | ||
| 003 | GE_BSU | ||
| 008 | 181216s||||||||xx |||||||||||||| ||und|| | ||
| 010 | _a978201155564 | ||
| 040 | _cGE_BSU | ||
| 080 | _a811.133.1 | ||
| 100 | _aGuiloux,Michel | ||
| 245 | _aScenario. Methode de frangais.(Avec la collaboration dე Emmanuelle Daill. | ||
| 245 | _b(ქსეროქსი) | ||
| 260 | _aParis | ||
| 260 | _bHachette | ||
| 260 | _c2008 | ||
| 300 | _a160p;30cm, | ||
| 541 | _h9ლ. | ||
| 653 | _aScenario. Methode de francais | ||
| 653 | _aფრანგული ენა | ||
| 942 | _cBK | ||
| 999 |
_c50801 _d50801 |
||